Construction recession deepens (Record no. 81774)

MARC details
000 -LEADER
fixed length control field 01162cab a22002055a 4500
001 - CONTROL NUMBER
control field L148296
008 - FIXED-LENGTH DATA ELEMENTS--GENERAL INFORMATION
fixed length control field 090901e20090815xxka f g 000 0 eng d
035 ## - SYSTEM CONTROL NUMBER
System control number (Sirsi) u148296
041 0# - LANGUAGE CODE
Language code of text/sound track or separate title eng
110 2# - MAIN ENTRY--CORPORATE NAME
Corporate name or jurisdiction name as entry element Civil Engineering Contractors Association
9 (RLIN) 3765
245 00 - TITLE STATEMENT
Title Construction recession deepens
Medium [electronic resource]
260 ## - PUBLICATION, DISTRIBUTION, ETC.
Date of publication, distribution, etc. 2009
490 ## - SERIES STATEMENT
Series statement CECA Press Release
Volume/sequential designation 14 August 2009
520 ## - SUMMARY, ETC.
Summary, etc. Reports on the Civil Engineering Contractors Association's workload trend survey for the second quarter 2009. Highlights that workloads reduced considerably during this period confirming the trend of recession. Wales shows a sharp deterioration in the amount of workloads, while Scotland experienced only a slight slowing in workloads. All the firms in the survey register less workload than compared with the results of July 2008. Results of the railways sector also show a negative balance.
590 ## - LOCAL NOTE (RLIN)
Local note KA NTK
651 #4 - SUBJECT ADDED ENTRY--GEOGRAPHIC NAME
Geographic name United Kingdom
Chronological subdivision
690 ## - LOCAL SUBJECT ADDED ENTRY--TOPICAL TERM (OCLC, RLIN)
Topical term or geographic name as entry element BUILT ENVIRONMENT-CONSTRUCTION MARKET
856 40 - ELECTRONIC LOCATION AND ACCESS
Uniform Resource Identifier <a href="https://www.ceca.co.uk/NewsDetail.aspx?NewsID=234&NewsTypeID=3">https://www.ceca.co.uk/NewsDetail.aspx?NewsID=234&NewsTypeID=3</a>
Public note View the press release free of charge at www.ceca.co.uk...
942 ## - ADDED ENTRY ELEMENTS (KOHA)
Suppress in OPAC 0
Holdings
Withdrawn status Lost status Source of classification or shelving scheme Damaged status Not for loan Home library Current library Shelving location Date acquired Total Checkouts Full call number Barcode Date last seen Copy number Price effective from Koha item type
    Dewey Decimal Classification     Virtual Virtual Online 01/09/2009   ONLINE PUBLICATION 148296-2001 06/08/2019 1 06/08/2019 Journal article